| 000 | 00514nam a2200193Ia 4500 | ||
|---|---|---|---|
| 005 | 20250923150037.0 | ||
| 008 | 008 250917s9999 xx 000 0 eng d | ||
| 037 | _aTextual | ||
| 040 |
_aDSWL _beng _cDSWL |
||
| 041 |
_aeng _2eng |
||
| 084 |
_aS:86x, N96 _qDSWL |
||
| 245 | 0 |
_aDevelopments in psychotherapy _cEd. by Windy Dryden |
|
| 260 |
_aLondon _bSage _c1996 |
||
| 300 | _a274 p. | ||
| 365 |
_aINR _b1101.77 |
||
| 925 | _g1101.77 | ||
| 942 |
_cTEXL _hS:86x, N96 |
||
| 999 |
_c1458911 _d1458911 |
||